[Event "Pocos de Caldas op"]
[Site "Pocos de Caldas"]
[Date "2022.03.12"]
[Round "3"]
[White "Casarin, Luis Marcio Pinhatt"]
[Black "Germano, Joao Vitor Guedes"]
[Result "0-1"]
[WhiteElo "1823"]
[BlackElo "1745"]
[PlyCount "102"]
[EventDate "2022.03.11"]
[EventType "swiss"]
[EventRounds "6"]
[EventCountry "BRA"]
[SourceTitle "CBM 207 Extra"]
[Source "ChessBase"]
[SourceDate "2022.05.31"]
[SourceVersion "1"]
[SourceVersionDate "2022.05.31"]
[SourceQuality "1"]

1. Nf3 e6 2. c4 d5 3. d4 Nf6 4. e3 Be7 5. Be2 dxc4 6. Bxc4 c5 7. 0-0 cxd4 8. Nxd4 0-0 9. Nc3 Nbd7 10. b3 Qa5 11. Bb2 Rd8 12. Qc2 Ne5 13. Be2 Bd7 14. Rac1 Rac8 15. Qb1 Bb4 16. Qa1 Nc6 17. Ncb5 Nxd4 18. Nxd4 Be7 19. Rfd1 e5 20. Nf3 e4 21. Ne5 Be6 22. h3 h6 23. Bd4 Rxc1 24. Rxc1 Ba3 25. Rd1 Qc7 26. Nc4 Be7 27. Qb1 b5 28. Be5 Rxd1+ 29. Bxd1 Qc5 30. Bxf6 gxf6 31. Nd2 f5 32. Qc2 Qxc2 33. Bxc2 Bf6 34. Kf1 Kf8 35. Ke2 Ke7 36. f3 exf3+ 37. Nxf3 Kd6 38. Nd4 Bxd4 39. exd4 Kd5 40. Kd3 f4 41. Bd1 Bf5+ 42. Kc3 Be4 43. b4 Bxg2 44. Bb3+ Ke4 45. Bxf7 f3 46. Bg6+ Ke3 47. h4 f2 48. Bd3 f1Q 49. Bxf1 Bxf1 50. d5 Ke4 51. d6 Bh3 0-1

[Event "Pocos de Caldas op"]
[Site "Pocos de Caldas"]
[Date "2022.03.12"]
[Round "4"]
[White "Martins de Aguiar, Marina"]
[Black "Germano, Joao Vitor Guedes"]
[Result "0-1"]
[WhiteElo "1851"]
[BlackElo "1745"]
[PlyCount "108"]
[EventDate "2022.03.11"]
[EventType "swiss"]
[EventRounds "6"]
[EventCountry "BRA"]
[SourceTitle "CBM 207 Extra"]
[Source "ChessBase"]
[SourceDate "2022.05.31"]
[SourceVersion "1"]
[SourceVersionDate "2022.05.31"]
[SourceQuality "1"]

1. e4 e5 2. d4 exd4 3. Qxd4 Nc6 4. Qe3 Nf6 5. Nc3 Bb4 6. Bd2 0-0 7. 0-0-0 Re8 8. Qg3 Rxe4 9. f3 Re8 10. Bc4 Be7 11. Nh3 Nh5 12. Qf2 g6 13. Nd5 Bh4 14. g3 d6 15. Qg2 Bxh3 16. Qxh3 Be7 17. Bc3 Qc8 18. Nxe7+ Nxe7 19. g4 d5 20. Qh4 Nf5 21. gxf5 dxc4 22. fxg6 hxg6 23. Qd4 Kh7 24. Qxc4 Re7 25. Rd5 Qh3 26. Qd4 f6 27. Qd3 Nf4 28. Qd2 Nxd5 29. Qxd5 c6 30. Qd6 Qe6 31. Qg3 Qf5 32. Rg1 Qg5+ 33. Qxg5 fxg5 34. Rxg5 Re2 35. h3 Rd8 36. Rg4 Rd5 37. Rf4 Rf5 38. Rh4+ Rh5 39. Rd4 Rxh3 40. Rd7+ Kg8 41. Kd1 Rg2 42. Be1 Rxf3 43. Rxb7 Re3 44. Rb8+ Kf7 45. Rb7+ Re7 46. Rxe7+ Kxe7 47. a4 Kd6 48. b4 Kd5 49. Kc1 Rg1 50. Kd2 Kc4 51. c3 Rxe1 52. Kxe1 Kxc3 53. b5 cxb5 54. axb5 Kc4 0-1

[Event "Pocos de Caldas op"]
[Site "Pocos de Caldas"]
[Date "2019.02.09"]
[Round "3"]
[White "Jorge, Denrick Cabral Jose"]
[Black "Germano, Joao Vitor Guedes"]
[Result "1/2-1/2"]
[WhiteElo "1889"]
[BlackElo "1690"]
[PlyCount "22"]
[EventDate "2019.02.08"]
[EventType "swiss"]
[EventRounds "6"]
[EventCountry "BRA"]
[SourceTitle "CBM 189 Extra"]
[Source "ChessBase"]
[SourceDate "2019.06.03"]
[SourceVersion "1"]
[SourceVersionDate "2019.06.03"]
[SourceQuality "1"]

1. e4 c6 2. Nf3 d5 3. Nc3 Bg4 4. h3 Bxf3 5. Qxf3 e6 6. Qg3 g6 7. d3 Bg7 8. exd5 cxd5 9. d4 a6 10. Bg5 Qb6 11. 0-0-0 Bxd4 1/2-1/2

[Event "Pocos de Caldas op"]
[Site "Pocos de Caldas"]
[Date "2018.03.04"]
[Round "5"]
[White "Germano, Joao Vitor Guedes"]
[Black "Palmeira, Pedro Alberto Marti"]
[Result "1-0"]
[WhiteElo "1591"]
[BlackElo "1942"]
[PlyCount "71"]
[EventDate "2018.03.02"]
[EventType "swiss"]
[EventRounds "6"]
[EventCountry "BRA"]
[SourceTitle "CBM 183 Extra"]
[Source "ChessBase"]
[SourceDate "2018.04.19"]
[SourceVersion "1"]
[SourceVersionDate "2018.04.19"]
[SourceQuality "1"]

1. d4 Nf6 2. c4 g6 3. Nc3 Bg7 4. e4 d6 5. Nf3 0-0 6. Be2 Nbd7 7. 0-0 e5 8. d5 Nc5 9. Qc2 a5 10. Bg5 h6 11. Be3 Nfd7 12. Nd2 f5 13. f3 f4 14. Bf2 g5 15. g4 fxg3 16. hxg3 b6 17. b3 Rf7 18. a3 Nf8 19. b4 axb4 20. axb4 Rxa1 21. Rxa1 Ncd7 22. Ra8 g4 23. Nb5 gxf3 24. Bxf3 Ng6 25. Bh5 Rxf2 26. Kxf2 Ne7 27. Bg4 Nf8 28. Na7 Nd7 29. Qa4 b5 30. Qxb5 Nb6 31. Rb8 Kh7 32. Nxc8 Nbxc8 33. Qb7 h5 34. Bxc8 Nxc8 35. Qxc8 Qf6+ 36. Qf5+ 1-0

[Event "Brazil Pocos de Caldas op"]
[Site "Pocos de Caldas"]
[Date "2018.03.03"]
[Round "4"]
[White "Alboredo, Julia"]
[Black "Germano, Joao Vitor Guedes"]
[Result "1-0"]
[WhiteElo "2118"]
[BlackElo "1591"]
[PlyCount "47"]
[EventDate "2018.03.02"]
[EventType "swiss"]
[EventRounds "6"]
[EventCountry "BRA"]
[SourceTitle "CBM 183 Extra"]
[Source "ChessBase"]
[SourceDate "2018.04.19"]
[SourceVersion "1"]
[SourceVersionDate "2018.04.19"]
[SourceQuality "1"]

1. e4 e5 2. Nf3 Nc6 3. Bb5 a6 4. Ba4 Nf6 5. d3 b5 6. Bb3 Be7 7. 0-0 d6 8. c3 0-0 9. Nbd2 Na5 10. Bc2 c5 11. Re1 Re8 12. Nf1 Bf8 13. Ng3 g6 14. h3 Bb7 15. a4 Nc6 16. Nh2 d5 17. Bg5 Be7 18. Qf3 dxe4 19. dxe4 Nd7 20. Be3 Bf8 21. Rad1 Qe7 22. Ng4 Bg7 23. Bh6 Bh8 24. Rxd7 1-0